| 000 | 02022nam a22004217a 4500 | ||
|---|---|---|---|
| 003 | OSt | ||
| 005 | 20180908121342.0 | ||
| 008 | 180220b xxu||||| |||| 00| 0 spa d | ||
| 020 | _a9501417069 | ||
| 040 | _cPJ | ||
| 245 | 1 | 3 |
_aEl amparo constitucional : _cperspectivas y modalidades / _bGermán J. Bidart Campos... [et al.]; prólogo del Dr. Néstor P. Sagüés. |
| 260 |
_aBuenos Aires : _cDepalma, _b2000. |
||
| 300 |
_aix, 271 p. _c23 cm. |
||
| 500 | _aNotas y citas a pie de página. | ||
| 500 | _aMás información de portada: Art. 43 de la Constitución Nacional. | ||
| 505 |
_tLa fuerza normativa de la Constitución / _rGermán Bidart Campos. |
||
| 505 |
_tLos efectos expansivos de la cosa juzgada en la acción de amparo / _rNéstor Pedro Sagués. |
||
| 505 |
_tLa legitimación activa en el art. 43 de la Constitución nacional / _rMaximiliano Toricelli. |
||
| 505 |
_tA propósito del rechazo "in limine" en el amparo / _rMaría Mercedes Serra. |
||
| 505 |
_tPosibilidades que ofrece la acción de amparo para la protección y defensa del consumidor / _rNoemí Lidia Nicolau. |
||
| 505 |
_t Los intereses difusos en el art. 43 de la Constitución nacional /
_rMario Eugenio Chaumet. _rAlejandro Aldo Minicocci. |
||
| 505 |
_tEl hábeas data en el constitucionalismo indoiberoamericano finisecular / _rOscar Raúl Pucchinelli. |
||
| 650 | 0 |
_9267 _aDERECHO PROCESAL |
|
| 650 | 0 |
_9178 _aDERECHO CONSTITUCIONAL |
|
| 650 | 0 |
_91223 _aACCION DE AMPARO |
|
| 650 | 0 |
_92070 _aACCION DE INCONSTITUCIONALIDAD |
|
| 650 | 0 |
_91902 _aAMPARO POR MORA |
|
| 650 | 0 |
_92072 _aHABEAS DATA |
|
| 700 |
_990 _aBidart Campos, Germán José |
||
| 700 |
_92073 _aChaumet, Mario E. |
||
| 700 |
_92074 _aMenicocci, Alejandro A. |
||
| 700 |
_92075 _aNicolau, Noemí L. |
||
| 700 |
_9763 _aSagüés, Néstor Pedro _eprologuista |
||
| 700 |
_92076 _aPuccinelli, Oscar R. |
||
| 700 |
_92077 _aSerra, María M. |
||
| 700 |
_92078 _aToricelli, Maximiliano _ecoordinador |
||
| 942 |
_2udc _cLIB _h347.9:342.4 _iBID |
||
| 999 |
_c1381 _d1381 |
||